María, Nuestra Excelsa Señora / (Record no. 80816)

MARC details
000 -LEADER
campo de control de longitud fija 00585nam a2200169 i 4500
001 - NÚMERO DE CONTROL
campo de control 80816
003 - IDENTIFICADOR DE NÚMERO DE CONTROL
campo de control ES-MaACL
007 - CAMPO FIJO DE DESCRIPCIÓN FÍSICA--INFORMACIÓN GENERAL
campo de control de longitud fija t|
008 - DATOS DE LONGITUD FIJA--INFORMACIÓN GENERAL
campo de control de longitud fija 041029s1955 sp ||||1| spa d
100 1# - ENTRADA PRINCIPAL--NOMBRE DE PERSONA
Nombre de persona Hophan, Otto.
9 (RLIN) 64165
245 10 - MENCIÓN DEL TÍTULO
Título María, Nuestra Excelsa Señora /
Mención de responsabilidad, etc. Otto Hophan ; [traducido del alemán por Jerónimo Roos ; revisión religiosa, Vicente Franco].
260 ## - PUBLICACIÓN, DISTRIBUCIÓN, ETC.
Lugar de publicación, distribución, etc. Madrid :
Nombre del editor, distribuidor, etc. Paraninfo,
Fecha de publicación, distribución, etc. 1955 (
Fabricante Artes Gráficas C.I.M.)
300 ## - DESCRIPCIÓN FÍSICA
Extensión 453 p., 8 lám. ;
Dimensiones 23 cm.
700 1# - ENTRADA AGREGADA--NOMBRE PERSONAL
Nombre de persona Roos, Jerónimo.
9 (RLIN) 99526
700 1# - ENTRADA AGREGADA--NOMBRE PERSONAL
Nombre de persona Franco, Vicente.
9 (RLIN) 52235
852 ## - LOCALIZACIÓN
Ubicación ES-MaACL
Número de control de estantería C-9510
Sublocalización o colección R.37472
Holdings
Estatus retirado Estado de pérdida Estado de daño No para préstamo Biblioteca de origen Biblioteca actual Ubicación en estantería Fecha de adquisición Fuente de adquisición Total de préstamos Signatura topográfica completa Código de barras Visto por última vez Precio de reemplazo Tipo de ítem Koha
        Biblioteca del Ateneo de Madrid Biblioteca del Ateneo de Madrid Sala Palomar 17/01/2008     C-9510 1084491 23/02/2023 23/02/2023 Libro impreso